000 00659nam a22002177a 4500
003 UA-OsUOA
001 120709
007 ta
008 20170209b un ||||| |||| 00| 0 ukr d
100 _aАлександрова М.
090 _a82
_bА46
942 _cSA
040 _aUA-OsUOA
_bukr
_cUA-OsUOA
_dUA-OsUOA
245 _aДві версії біблійного сюжету "Дочка Ієфая": Михайло Старицький та Леся Українка
300 _aС.30-36
955 _a0
041 _aukr
080 _a82
773 0 _w120705
650 7 _a82 Література. Літературознавство
_2UDC
999 _c406719
_d406719